000
00322 a2200145 4500
001
168774
020
_a
040
_c
Magnum
100
_a
Vilarrubias, Pia
240
1
0
_a
? A que juegan nico y max ?
_l
ESP
245
1
0
_a
? A que juegan nico y max ?
362
0
_a
1899
697
_a
LITERATURA ESTRANGEIRA
942
_c
BK
999
_c
168774
_d
168774